| 000 | 01033cam a22002891 4500 | ||
|---|---|---|---|
| 001 | 9261 | ||
| 003 | BD-RjUL | ||
| 005 | 20211208234739.0 | ||
| 008 | 140120s1953 enka 000 0 eng | ||
| 035 | _a(BD-RjUL)9306 | ||
| 035 | _a(OCoLC)1873297 | ||
| 040 |
_aDLC _cFMU _dUk _dDLC _dBD-RjUL _beng |
||
| 041 | _aeng | ||
| 082 |
_a352.1 _bUTS 1953 _223 |
||
| 100 | 1 |
_aUtting, J. E. G. _928755 |
|
| 245 | 1 | 0 |
_aSocial accounts of local authorities : _bAn experiment in sampling methods / _cJ. E. G. Utting. |
| 260 |
_aCambridge Eng. : _bUniversity Press, _c1953. |
||
| 300 |
_ax, 89 p. : _billus. ; _c25 cm. |
||
| 490 | 1 |
_aNational Institute of Economic and Social Research. Occasional papers. _vno. 16 |
|
| 650 | 0 |
_aLocal finance _zEngland _xAccounting. _928756 |
|
| 650 | 0 |
_aLocal finance _zWales _xAccounting. _928757 |
|
| 650 | 0 |
_aLocal finance _xAccounting. _928758 |
|
| 830 | 0 |
_vno. 16. _9142235 |
|
| 830 | 0 |
_aOccasional papers (National Institute of Economic and Social Research) ; _9137495 |
|
| 942 |
_2ddc _cBK |
||
| 999 |
_c9261 _d9261 |
||